000 00539nam a2200193 a 4500
001 5035
003 CO-ViMGA
008 141112s2004 ck r 000 u spa d
040 _aCO-ViMGA
_bspa
_cCO-ViMGA
082 0 4 _a323.4 C656
100 1 _aColombia. Leyes y decretos
_951219
245 1 0 _aLos derechos de la infancia y la adolescencia
260 _aSantafé de Bogotá :
_bMagisterio,
_c1991
300 _a136 p
490 _aDocumentos, 16
650 1 4 _aDERECHOS DEL NIÑO
_93258
650 1 4 _aDERECHOS HUMANOS
_955
942 _2ddc
_cBK
999 _c17036
_d17036